Qirāʼāt fī ʻilm al-nafs al-ijtimāʻī fī al-bilād al-ʻArabīyah, (Record no. 48980)
[ view plain ]
| 000 -LEADER | |
|---|---|
| fixed length control field | 01258cam a2200289 4500 |
| 001 - CONTROL NUMBER | |
| control field | ne 66001145 |
| 003 - CONTROL NUMBER IDENTIFIER | |
| control field | DLC |
| 005 - DATE AND TIME OF LATEST TRANSACTION | |
| control field | 20260227111824.0 |
| 008 - FIXED-LENGTH DATA ELEMENTS--GENERAL INFORMATION | |
| fixed length control field | 890615m19659999ua ah b 000 0 arar |
| 010 ## - LIBRARY OF CONGRESS CONTROL NUMBER | |
| LC control number | ne 66001145 |
| 020 ## - INTERNATIONAL STANDARD BOOK NUMBER | |
| International Standard Book Number | 9770181056 (v. 7) |
| 040 ## - CATALOGING SOURCE | |
| Original cataloging agency | DLC |
| Transcribing agency | DLC |
| Modifying agency | DLC |
| 050 00 - LIBRARY OF CONGRESS CALL NUMBER | |
| Classification number | HN766.A8 |
| Item number | M85 1965 |
| 100 1# - MAIN ENTRY--PERSONAL NAME | |
| Personal name | Mulaykah, Luwīs Kāmil. |
| 245 10 - TITLE STATEMENT | |
| Title | Qirāʼāt fī ʻilm al-nafs al-ijtimāʻī fī al-bilād al-ʻArabīyah, |
| Statement of responsibility, etc. | iʻdād wa-tansīq wa-taqdīm Luwīs Kāmil Mulaykah. |
| 250 ## - EDITION STATEMENT | |
| Edition statement | [al-Ṭabʻah 1.]. |
| 260 ## - PUBLICATION, DISTRIBUTION, ETC. | |
| Place of publication, distribution, etc. | [al-Qāhirah] |
| Name of publisher, distributor, etc. | al-Dār al-Qawmīyah lil-Ṭibāʻah wa-al-Nashr, |
| Date of publication, distribution, etc. | 1965-<2002 > |
| 300 ## - PHYSICAL DESCRIPTION | |
| Extent | v. <1-7 > : |
| Other physical details | illus., facsims. |
| Dimensions | 24 cm. |
| 500 ## - GENERAL NOTE | |
| General note | Vols. 3-<4, 7 > have title: Qirāʼāt fī ʻilm al-nafs al-ijtimāʻī fī al-waṭan al-ʻArabī. |
| 500 ## - GENERAL NOTE | |
| General note | Vols. 2-3 published by: al-Hayʼah al-Miṣrīyah al-ʻĀmmah lil-Taʼlīf wa-al-Nashr. |
| 500 ## - GENERAL NOTE | |
| General note | Vol. 4-<7 > published by: al-Hayʼah al-Miṣrīyah al-ʻĀmmah lil-Kitab. |
| 504 ## - BIBLIOGRAPHY, ETC. NOTE | |
| Bibliography, etc. note | Includes bibliographies. |
| 651 #0 - SUBJECT ADDED ENTRY--GEOGRAPHIC NAME | |
| Geographic name | Arab countries |
| General subdivision | Social conditions. |
| 650 #0 - SUBJECT ADDED ENTRY--TOPICAL TERM | |
| Topical term or geographic name entry element | Social psychology. |
| 650 #0 - SUBJECT ADDED ENTRY--TOPICAL TERM | |
| Topical term or geographic name entry element | National characteristics, Arab. |
| 740 0# - ADDED ENTRY--UNCONTROLLED RELATED/ANALYTICAL TITLE | |
| Uncontrolled related/analytical title | Qirāʼāt fī ʻilm al-nafs al-ijtimāʻī fī al-waṭan al-ʻArabī. |
No items available.